[Event "Kohtla Jaerve Noorte CC"]
[Site "Kohtla Jaerve"]
[Date "2021.09.25"]
[Round "2"]
[White "Rodin, Robert"]
[Black "Pritulina, Nadezhda"]
[Result "0-1"]
[WhiteElo "1233"]
[BlackElo "1095"]
[PlyCount "94"]
[EventDate "2021.09.24"]
[EventType "swiss"]
[EventRounds "5"]
[EventCountry "EST"]
[SourceTitle "EXT 2023"]
[Source "ChessBase"]
[SourceDate "2022.10.05"]
[SourceVersion "1"]
[SourceVersionDate "2022.10.05"]
[SourceQuality "1"]

1. e4 c5 2. c3 d6 3. d4 cxd4 4. cxd4 Nf6 5. Nc3 Nc6 6. Bb5 Bd7 7. Bf4 g6 8. Nf3 Bg7 9. d5 Nb8 10. Bd3 Bg4 11. h3 Bxf3 12. Qxf3 0-0 13. 0-0 Nbd7 14. g4 Rc8 15. Rac1 Qb6 16. Qe2 Nc5 17. Be3 Qa5 18. Bd2 Nxd3 19. Qxd3 Qb4 20. Rb1 Qc4 21. Qxc4 Rxc4 22. f3 Nd7 23. Rbc1 a6 24. Ne2 Rfc8 25. Rxc4 Rxc4 26. Bc3 Bxc3 27. Nxc3 Ne5 28. Rf2 Nd3 29. Rd2 Nxb2 30. Rxb2 Rxc3 31. Kf2 b5 32. h4 Kg7 33. Kg3 h6 34. Kg2 Kf6 35. Re2 Ke5 36. Kg3 b4 37. Kg2 Kf4 38. e5 Re3 39. Rc2 Kxe5 40. Kf2 Rc3 41. Rd2 Rc5 42. Ke3 Rxd5 43. f4+ Ke6 44. Rb2 a5 45. Rf2 Rc5 46. Kd4 Kf6 47. Re2 e6 0-1

[Event "EU Union-ch U10 15th"]
[Site "Mureck"]
[Date "2017.08.02"]
[Round "1"]
[White "Rodin, Robert"]
[Black "Ivanova, Dilyana"]
[Result "0-1"]
[WhiteElo "1150"]
[BlackElo "1588"]
[PlyCount "56"]
[EventDate "2017.08.02"]
[EventType "swiss"]
[EventRounds "9"]
[EventCountry "AUT"]
[SourceTitle "CBM 180 Extra"]
[Source "ChessBase"]
[SourceDate "2017.10.06"]
[SourceVersion "1"]
[SourceVersionDate "2017.10.06"]
[SourceQuality "1"]

1. e4 c5 2. Nf3 e6 3. Nc3 a6 4. d4 cxd4 5. Nxd4 d6 6. Be3 Nf6 7. Bd3 b5 8. a3 Bb7 9. f3 Be7 10. Qd2 Nbd7 11. b3 Rc8 12. Nce2 d5 13. exd5 Nxd5 14. 0-0 Nxe3 15. Qxe3 Bc5 16. Kh1 0-0 17. b4 Bb6 18. f4 Nf6 19. c3 Nd5 20. Qe4 Qh4 21. Rac1 Rc7 22. Qe5 Rfc8 23. Qd6 Ne3 24. Rg1 Qh3 25. Nf3 Bxf3 26. Bxh7+ Kh8 27. Be4 Bxe4 28. Qxb6 Bxg2+ 0-1